| 000 | 00663nam a22002297a 4500 | ||
|---|---|---|---|
| 003 | dpl | ||
| 005 | 20180627140852.0 | ||
| 008 | 180627b xxu||||| |||| 00| 0 eng d | ||
| 010 | _aB-211162 | ||
| 016 | _aB-211162 | ||
| 035 | _aB-211162 | ||
| 037 | _bBPPD/PUB | ||
| 040 | _c0 | ||
| 082 | _a808.88 | ||
| 100 | _aShivanath | ||
| 245 |
_aMakers of Dogni Literature and other essays / _cby Shivanath |
||
| 260 |
_aJammu _bKashmir Times Publication _c2005 |
||
| 300 |
_a198p. : _c22 cm. (Hb) |
||
| 520 | _aContributed essays. | ||
| 650 |
_aIndic literature _xHistory and criticism. |
||
| 942 |
_adpl _cEN _k808.88 / SHI _2ddc _h808.88 _mSHI |
||
| 999 |
_c153148 _d153148 |
||